01015cam a2200277 4500001001300000003000400013005001700017008004100034010001700075025002000092040001800112041001400130050002000144082001300164245009100177260012800268300006100396350001000457500003300467500006500500504002900565651002000594600004900614700004900663700002500712sa 68013823 DLC20260227112626.0691210s1968 ii abc b 010 0 eng  asa 68013823  aPL480:I-E-10945 aDLCcDLCdDLC0 aenghinmar00aDS437b.S8 196800a954/.00800aStudies in Indian history;bDr. A. G. Pawar felicitation volume.cEdited by V. D. Rao. aKolhapurb[Y. P. Pawar on behalf of Dr. Appasaheb Pawar Satkar Samiti; sole distributors: Popular Prakashan, Bombay]c1968. axvii, 444 p.billus., maps (part fold.), ports.,c23 cm. a35.00 aEnglish, Hindi, and Marathi. aShort biographical sketches of the contributors: p. 441-444. aIncludes bibliographies. 0aIndiaxHistory.10aPawar, A. G.q(Appasaheb Ganapatrao),d1906-1 aPawar, A. G.q(Appasaheb Ganapatrao),d1906-1 aRao, Vasant D.,eed.